Представление документа в формате MARC21

Поле Инд. ПП Название Значение
Тип записи a
Библиографический уровень a
001 Контрольный номер aa3532222afe4351b38ebce1fd993880
005 Дата корректировки 20230703080407.7
020 a ISBN 978-5-238-03694-6
040 a Служба первич. каталог. НБ ТвГУ
b Код языка каталог. rus
e Правила каталог. PSBO
041 0_ a Код языка текста rus
097 b Оператор Komarova.ES
098 b Факультет Юридический
c Кафедра Гражданского права
100 1_ a Автор Ильина Ольга Юрьевна
q Полное имя Ильина О. Ю.
245 10 a Заглавие Интерес и воля членов семьи в наследственных правоотношениях: проблема соответствия
260 a Место издания Москва
b Издательство ЮНИТИ
504 a Библиография Библиогр. в подстроч. примеч.
520 0_ a Аннотация Статья посвящена интересу и воле членов семьи в наследственных правоотношениях: проблема соответствия.
653 0_ a Ключевые слова Извлечения из научных трудов О. Ю. Ильиной
a Ключевые слова Наследственные правоотношения
a Ключевые слова Интересы
a Ключевые слова Члены семьи
a Ключевые слова Сфера правового регулирования
a Ключевые слова Труды Тверского государственного университета
773 18 w Контрольный № источника d00e0be86ac843579dc265e7de0dddc1
t Название источника Гармонизация частных и публичных интересов в семейном праве Российской Федерации
d Место и дата издания Москва : ЮНИТИ : Закон и право, 2023
g Прочая информация С. 445-451
901 t Тип документа a
920 a Оператор Кома
954 b Дата поступления в ОК 20230703